000 00771nam a2200253Ia 4500
003 OSt
005 20220925223531.0
006 a|||||r|||| 00| 0
007 ta
008 220923b |||||||| |||| 00| 0 eng d
020 _a9780415472388
_c590.75
037 _b606, 27/03/2010, Insat Books & Periodicals
_cGeneral Book
040 _aRTL
_cRTL
_beng
041 _2eng
_aeng
082 _aR3xM72, P9
100 _aRussell Bertrand
245 0 _aBasic writings of Bertrand Russell.
260 _aLondon
_bRoutledge
_c2009
300 _axxxii, 749p.
_ccm.
490 _aRoutledge Classics
650 _aSociology
942 _hR3xM72, P9
_cGB
_2CC
999 _c579826
_d579826